[Event "Sparkassen Chess Trophy 2024 A-Open"]
[Site "Dortmund"]
[Date "2024.08.10"]
[Round "1.91"]
[White "Metzdorf, Matteo"]
[Black "Ranieri, Pierpaolo"]
[Result "1-0"]
[WhiteElo "2098"]
[BlackElo "1909"]
[PlyCount "125"]
[EventDate "2024.08.10"]

1. e4 e5 2. Nf3 Nc6 3. Bb5 Nf6 4. d3 Bc5 5. O-O Nd4 6. Nxd4 Bxd4 7. c3 Bb6 8. d4 c6 9. dxe5 Nxe4 10. Bd3 Nc5 11. Bc2 O-O 12. Bf4 Ne6 13. Qd3 g6 14. Bg3 f5 15. exf6 Qxf6 16. Bd6 Rf7 17. Bb3 Qf5 18. Qxf5 Rxf5 19. Nd2 Kg7 20. Ne4 Nc5 21. Bc2 Nxe4 22. Bxe4 Rf7 23. Bc2 Bd8 24. Rfe1 b6 25. Re8 Bb7 26. Bb3 Rf5 27. Rg8+ Kh6 28. Bf8+ Kg5 29. g3 Bf6 30. Bd1 Rd5 31. h4+ Kf5 32. Bf3 Rd3 33. Be2 Rd2 34. Bf1 Ke6 35. Bh6 Rxg8 36. Bxd2 d5 37. Bd3 Bc8 38. Kg2 Kf7 39. Rh1 h5 40. Re1 Bf5 41. Bxf5 gxf5 42. Kf3 Rg7 43. Bf4 Rg8 44. Re2 Rd8 45. Be5 Rg8 46. Kf4 Kg6 47. Bxf6 Kxf6 48. f3 Rf8 49. Re5 Kg6 50. Re6+ Rf6 51. Rxf6+ Kxf6 52. g4 fxg4 53. fxg4 hxg4 54. Kxg4 c5 55. Kf4 b5 56. b4 d4 57. cxd4 cxb4 58. Ke4 a5 59. Kd3 a4 60. h5 b3 61. axb3 a3 62. Kc2 a2 63. Kb2 1-0

[Event "Sparkassen Chess Trophy 2024 A-Open"]
[Site "Dortmund"]
[Date "2024.08.10"]
[Round "1.46"]
[White "Matsumura, Cocoro"]
[Black "Mainka, Alwin"]
[Result "1-0"]
[WhiteElo "1999"]
[BlackElo "2240"]
[PlyCount "151"]
[EventDate "2024.08.10"]

1. e4 c5 2. Nf3 d6 3. d4 cxd4 4. Nxd4 Nf6 5. Nc3 g6 6. Be3 Bg7 7. f3 O-O 8. Qd2 Nc6 9. O-O-O d5 10. exd5 Nxd5 11. Nxc6 bxc6 12. Bd4 e5 13. Bc5 Be6 14. Bc4 Re8 15. Ne4 h6 16. g4 Qc7 17. h4 Red8 18. Qf2 f5 19. gxf5 gxf5 20. Nd2 Kh8 21. Rhg1 Qf7 22. Nb3 Nf4 23. Bxe6 Qxe6 24. Qe3 Nd5 25. Qd2 Qf6 26. Qh2 Nf4 27. Rde1 a5 28. a4 Rab8 29. Kb1 Ne6 30. Qf2 Nxc5 31. Qxc5 e4 32. Rxg7 Kxg7 33. fxe4 f4 34. e5 Qxh4 35. Rg1+ Kh8 36. Qxc6 Rbc8 37. Qe4 Rf8 38. e6 Rce8 39. Nd4 Qh5 40. Rh1 Qg5 41. Nf3 Qf6 42. Re1 Re7 43. Qd5 Qf5 44. Re5 Qg4 45. Ka2 Kg7 46. Nd4 f3 47. Nf5+ Kh8 48. Nxe7 Qxa4+ 49. Kb1 f2 50. Ng6+ Kg7 51. Qb7+ Kxg6 52. Qg2+ Kh7 53. Qf1 Qg4 54. e7 Qg1 55. exf8=Q Qxf1+ 56. Ka2 Qc4+ 57. b3 Qxc2+ 58. Ka3 Qc1+ 59. Ka2 Qd2+ 60. Kb1 Qd3+ 61. Ka2 f1=Q 62. Re7+ Kg6 63. Re6+ Kh5 64. Qxh6+ Kg4 65. Qg7+ Kf4 66. Rf6+ Ke4 67. Qe7+ Kd4 68. Rd6+ Kc3 69. Qc7+ Kb4 70. Qb6+ Kc3 71. Qxa5+ Kc2 72. Rxd3 Qxd3 73. Qc5+ Kd2 74. Kb2 Qa6 75. Qc1+ Ke2 76. Qc4+ 1-0

[Event "Sparkassen Chess Trophy 2024 A-Open"]
[Site "Dortmund"]
[Date "2024.08.10"]
[Round "1.93"]
[White "Neumair, Jerome"]
[Black "Karaissaridis, Christos"]
[Result "1/2-1/2"]
[WhiteElo "2091"]
[BlackElo "1902"]
[PlyCount "43"]
[EventDate "2024.08.10"]

1. d4 g6 2. c4 Nf6 3. Nc3 Bg7 4. Nf3 d6 5. Bg5 h6 6. Bh4 O-O 7. e3 Bf5 8. h3 g5 9. Bg3 c5 10. Bd3 Bxd3 11. Qxd3 Nc6 12. d5 Nb8 13. h4 g4 14. Ng5 Re8 15. Nge4 Nbd7 16. O-O Nh5 17. Bh2 Ne5 18. Qe2 f5 19. Ng3 Nxg3 20. Bxg3 Rf8 21. Bf4 Re8 22. Bxe5 1/2-1/2

[Event "Sparkassen Chess Trophy 2024 A-Open"]
[Site "Dortmund"]
[Date "2024.08.10"]
[Round "1.92"]
[White "Heinzel, Thomas"]
[Black "Hoppe, Thilo"]
[Result "0-1"]
[WhiteElo "1866"]
[BlackElo "2101"]
[PlyCount "52"]
[EventDate "2024.08.10"]

1. d4 d5 2. c4 c6 3. Nf3 Nf6 4. e3 Bf5 5. Nc3 e6 6. Nh4 Be4 7. f3 Bg6 8. g3 Be7 9. Bd2 O-O 10. Nxg6 hxg6 11. Qb3 b6 12. Bg2 a5 13. O-O Nbd7 14. Rad1 a4 15. Nxa4 dxc4 16. Qc2 b5 17. Nc3 Qb6 18. a3 e5 19. Be1 exd4 20. exd4 Nd5 21. Nxd5 cxd5 22. f4 Nf6 23. f5 gxf5 24. Qxf5 b4 25. Bxd5 Ra5 26. Bxf7+ Kxf7 0-1

[Event "Sparkassen Chess Trophy 2024 A-Open"]
[Site "Dortmund"]
[Date "2024.08.10"]
[Round "1.90"]
[White "Bernig Le Duigou, Vincent"]
[Black "Gasper, Joern"]
[Result "1-0"]
[WhiteElo "1876"]
[BlackElo "2000"]
[PlyCount "81"]
[EventDate "2024.08.10"]

1. d4 Nf6 2. c4 e6 3. Nc3 Bb4 4. Bd2 O-O 5. e3 Re8 6. Bd3 d5 7. Nf3 b6 8. cxd5 exd5 9. O-O Bb7 10. Rc1 a6 11. Qa4 Bd6 12. Ne2 Nbd7 13. Ng3 Ne4 14. Rfd1 Nxd2 15. Rxd2 g6 16. Qd1 Nf6 17. Ng5 h6 18. Nf3 Ne4 19. Rdc2 h5 20. Ne5 Nxg3 21. hxg3 c5 22. Nxg6 fxg6 23. Bxg6 Re7 24. Qxh5 Qf8 25. e4 dxe4 26. dxc5 Bxc5 27. Rxc5 bxc5 28. Rxc5 e3 29. fxe3 Rg7 30. Rg5 Qe7 31. Bh7+ Kh8 32. Bc2+ Rh7 33. Bxh7 Qxh7 34. Qd1 Qe4 35. Qh5+ Qh7 36. Qg4 Rg8 37. Qd4+ Rg7 38. Qe5 Bf3 39. gxf3 Qb1+ 40. Kh2 Qc2+ 41. Kh3 1-0

[Event "Sparkassen Chess Trophy 2024 A-Open"]
[Site "Dortmund"]
[Date "2024.08.10"]
[Round "1.89"]
[White "Koehler, Ronald"]
[Black "Sondermann, Dirk"]
[Result "1-0"]
[WhiteElo "2104"]
[BlackElo "1918"]
[PlyCount "99"]
[EventDate "2024.08.10"]

1. d4 f5 2. Nf3 Nf6 3. g3 g6 4. Bg2 Bg7 5. O-O d6 6. c4 O-O 7. Nc3 c6 8. Rb1 Ne4 9. Nxe4 fxe4 10. Ng5 d5 11. cxd5 cxd5 12. h4 Nc6 13. e3 Qd6 14. b4 Bh6 15. b5 Nd8 16. Nh3 Be6 17. Rb3 Qd7 18. Nf4 Bxf4 19. exf4 Rc8 20. Ba3 Rc4 21. Qd2 Nf7 22. b6 a6 23. Rc1 Rfc8 24. Rxc4 Rxc4 25. Bf1 Rc8 26. Rc3 Nd6 27. Bc5 Rc6 28. Rb3 Rc8 29. Kh2 Nf5 30. Qb4 Kf7 31. Bxa6 Nd6 32. Bxd6 exd6 33. Bb5 Qd8 34. a4 Rc1 35. Rb1 Rc2 36. Rb2 Rc1 37. a5 Qc8 38. Qxd6 Qc3 39. Be8+ Kxe8 40. Qxe6+ Kf8 41. Qd6+ Kg7 42. Qc7+ Qxc7 43. bxc7 Rxc7 44. Rb5 Rd7 45. h5 Kf6 46. hxg6 hxg6 47. Rb6+ Kf5 48. Kh3 Rh7+ 49. Kg2 Rc7 50. Rd6 1-0

[Event "Sparkassen Chess Trophy 2024 A-Open"]
[Site "Dortmund"]
[Date "2024.08.10"]
[Round "1.88"]
[White "Berresheim, Nils"]
[Black "Gallas, Noel"]
[Result "0-1"]
[WhiteElo "1838"]
[BlackElo "2053"]
[PlyCount "170"]
[EventDate "2024.08.10"]

1. d4 d5 2. c4 e6 3. Nc3 Nf6 4. cxd5 exd5 5. Bg5 c6 6. e3 h6 7. Bh4 Be7 8. Bd3 O-O 9. Qc2 Re8 10. Bg3 Nbd7 11. Nf3 Nh5 12. Be5 Nf8 13. O-O Bf6 14. b4 a6 15. a4 Qb6 16. b5 axb5 17. axb5 Bg4 18. Bxf6 Bxf3 19. Be5 Be4 20. Bxe4 dxe4 21. Nxe4 cxb5 22. Nd6 Red8 23. Rxa8 Rxa8 24. Qb3 Ne6 25. Qxb5 Qxb5 26. Nxb5 f6 27. Bd6 f5 28. Be5 b6 29. Nc7 Nxc7 30. Bxc7 b5 31. g3 Nf6 32. Rb1 Nd5 33. Bd6 Ra5 34. Kf1 Kf7 35. Rb2 Nc3 36. Bb4 Ra1+ 37. Kg2 Nd5 38. Bd2 Ke6 39. Rxb5 Ra2 40. Bc1 Rc2 41. Rc5 Ra2 42. Kf3 Nb4 43. Rc3 Nc2 44. g4 Ne1+ 45. Kg3 fxg4 46. Ba3 Nf3 47. Kxg4 Nxh2+ 48. Kg3 Nf1+ 49. Kg2 Nd2 50. Rd3 Ne4 51. d5+ Kd7 52. Kf3 Nxf2 53. Rb3 Nh3 54. d6 Ng5+ 55. Kg4 Ke6 56. Rd3 Ne4 57. d7 Nf6+ 58. Kf4 Nxd7 59. Bb4 Nf6 60. Rd6+ Kf7 61. Bc3 Ra4+ 62. Kf3 Ne4 63. Rd7+ Ke8 64. Rc7 Nxc3 65. Rxc3 Ra7 66. Rc6 Kf7 67. Kf4 Re7 68. e4 Re6 69. Rc8 Ra6 70. Kf5 g6+ 71. Kf4 Rf6+ 72. Ke3 g5 73. e5 Rf4 74. Rc6 h5 75. Rb6 h4 76. Ra6 Rf1 77. Ke4 h3 78. Rh6 g4 79. e6+ Ke8 80. Ke5 g3 81. Rh8+ Ke7 82. Rh7+ Kd8 83. Rh8+ Kc7 84. e7 Re1+ 85. Kf6 g2 0-1

[Event "Sparkassen Chess Trophy 2024 A-Open"]
[Site "Dortmund"]
[Date "2024.08.10"]
[Round "1.87"]
[White "Diduh, Ihor"]
[Black "Spickermann, Sven"]
[Result "1-0"]
[WhiteElo "2058"]
[BlackElo "1920"]
[PlyCount "63"]
[EventDate "2024.08.10"]

1. e4 e5 2. Nc3 Nf6 3. f4 d5 4. fxe5 Nxe4 5. d3 Nxc3 6. bxc3 Bf5 7. d4 Be7 8. Rb1 Qc8 9. Nf3 Nd7 10. c4 c6 11. Be2 dxc4 12. Bxc4 Nb6 13. Bb3 O-O 14. O-O Nd5 15. Bd2 b5 16. Qe1 Qd7 17. Nh4 Bg4 18. c3 Bxh4 19. Qxh4 Bf5 20. Rbc1 Bg6 21. Rf3 a5 22. a3 Qe7 23. Bg5 Qa7 24. Rh3 Bf5 25. g4 Bg6 26. Bc2 h5 27. Bxg6 fxg6 28. gxh5 Kf7 29. a4 gxh5 30. Qxh5+ Ke6 31. Qg6+ Kd7 32. Qd6+ 1-0

[Event "Sparkassen Chess Trophy 2024 A-Open"]
[Site "Dortmund"]
[Date "2024.08.10"]
[Round "1.86"]
[White "Jess, Stefan"]
[Black "Cornelisse, Sam"]
[Result "0-1"]
[WhiteElo "1920"]
[BlackElo "2119"]
[PlyCount "46"]
[EventDate "2024.08.10"]

1. e4 c5 2. Nf3 d6 3. d4 cxd4 4. Nxd4 Nf6 5. Nc3 a6 6. Bg5 e6 7. f4 h6 8. Bh4 Qb6 9. Qd2 Qxb2 10. Rb1 Qa3 11. f5 Be7 12. Bxf6 Bxf6 13. Rb3 Qc5 14. Nce2 O-O 15. h4 exf5 16. exf5 Re8 17. Kd1 Nc6 18. c3 Na5 19. Rb4 Nc4 20. Rxc4 Qxc4 21. Nf4 Qa4+ 22. Kc1 Bxd4 23. cxd4 Bxf5 0-1

[Event "Sparkassen Chess Trophy 2024 A-Open"]
[Site "Dortmund"]
[Date "2024.08.10"]
[Round "1.85"]
[White "Sabirov, Rafael"]
[Black "Janssen, Thorben"]
[Result "1/2-1/2"]
[WhiteElo "2123"]
[BlackElo "1920"]
[PlyCount "90"]
[EventDate "2024.08.10"]

1. e4 c5 2. c3 e5 3. Nf3 Nc6 4. Bb5 Bd6 5. O-O a6 6. Bxc6 dxc6 7. d4 exd4 8. cxd4 Bg4 9. d5 Ne7 10. h3 Bxf3 11. Qxf3 cxd5 12. exd5 O-O 13. Nc3 Be5 14. Rd1 Qd7 15. Be3 b6 16. Rd2 Nf5 17. Ne2 Rad8 18. Rad1 Nd6 19. b3 Rfe8 20. Bf4 Qf5 21. g4 Qf6 22. Kg2 g5 23. Bxe5 Qxf3+ 24. Kxf3 Rxe5 25. Nc3 b5 26. Re2 Rxe2 27. Nxe2 Re8 28. Rc1 c4 29. bxc4 Nxc4 30. Ng3 Re5 31. Rd1 Nd6 32. Nf5 Nxf5 33. gxf5 Kf8 34. f6 Rf5+ 35. Ke4 Rxf6 36. Ke5 Rxf2 37. Rc1 Ke7 38. Rc7+ Kd8 39. Ra7 h5 40. Rxa6 g4 41. hxg4 hxg4 42. Ra8+ Kd7 43. Ra7+ Kd8 44. Ra8+ Kd7 45. Ra7+ Kd8 1/2-1/2

[Event "Sparkassen Chess Trophy 2024 A-Open"]
[Site "Dortmund"]
[Date "2024.08.10"]
[Round "1.84"]
[White "Madera, Mateusz"]
[Black "Burkart, Lloyd Shang"]
[Result "1/2-1/2"]
[WhiteElo "1921"]
[BlackElo "2123"]
[PlyCount "125"]
[EventDate "2024.08.10"]

1. e4 c5 2. Nf3 d6 3. d4 cxd4 4. Nxd4 Nf6 5. Nc3 a6 6. Be3 e6 7. f3 b5 8. Qd2 Nbd7 9. g4 b4 10. Nce2 h6 11. Ng3 d5 12. Nc6 Qc7 13. Nxb4 Ne5 14. Be2 dxe4 15. Nxe4 Nxe4 16. fxe4 Bb7 17. O-O Nc4 18. Bxc4 Qxc4 19. Rad1 Qc7 20. Nd3 Be7 21. Bf4 Bd6 22. Bxd6 Qxd6 23. Ne5 Qxd2 24. Rxd2 O-O 25. Rxf7 Rxf7 26. Nxf7 Bxe4 27. Nd6 Bf3 28. h3 Rd8 29. Nc4 Rc8 30. Ne5 Be4 31. Nd3 Bxd3 32. cxd3 Kf7 33. Kf2 Kf6 34. b4 Rc3 35. h4 g5 36. h5 Ra3 37. Ke3 Ke5 38. Rc2 Ra4 39. Rc5+ Kf6 40. Rc2 Rxb4 41. Rg2 Ke5 42. Kf3 Rf4+ 43. Ke3 Kd5 44. Rg1 Ra4 45. Rg2 a5 46. Kf3 Rf4+ 47. Ke3 Rb4 48. Kf3 Rf4+ 49. Ke3 e5 50. Rg1 Rb4 51. Rg2 a4 52. a3 Rb3 53. Rf2 Rc3 54. Rf8 Rb3 55. Rd8+ Ke6 56. Rh8 Rb4 57. Rxh6+ Kd5 58. Kf3 Rd4 59. Ra6 Rxd3+ 60. Kg2 Rd4 61. Kg3 Rd3+ 62. Kg2 Rd4 63. Kg3 1/2-1/2

[Event "Sparkassen Chess Trophy 2024 A-Open"]
[Site "Dortmund"]
[Date "2024.08.10"]
[Round "1.83"]
[White "Giacomini, Hector"]
[Black "Reinhardt, Johannes"]
[Result "1/2-1/2"]
[WhiteElo "2125"]
[BlackElo "1925"]
[PlyCount "71"]
[EventDate "2024.08.10"]

1. Nf3 Nf6 2. e3 d5 3. d4 c6 4. Bd3 Nbd7 5. O-O e6 6. Nbd2 Bd6 7. c4 O-O 8. e4 e5 9. cxd5 exd4 10. Nc4 Qc7 11. dxc6 bxc6 12. Bg5 c5 13. Bxf6 gxf6 14. Nxd6 Qxd6 15. Rc1 Kh8 16. Qd2 Rg8 17. Bc4 Bb7 18. Rfe1 Ne5 19. Nxe5 Qxe5 20. Bxf7 Rg7 21. Bd5 Bxd5 22. exd5 Qxd5 23. g3 Qd6 24. Qd3 Re7 25. b3 Rae8 26. Rxe7 Rxe7 27. Kg2 Re5 28. Rd1 Qe7 29. Rd2 Kg7 30. Qf3 f5 31. b4 h6 32. bxc5 Qxc5 33. h4 Qd5 34. Qxd5 Rxd5 35. Kf3 Kf6 36. Kf4 1/2-1/2

[Event "Sparkassen Chess Trophy 2024 A-Open"]
[Site "Dortmund"]
[Date "2024.08.10"]
[Round "1.82"]
[White "Theisen, Johannes"]
[Black "Akhmatovski, Maxim"]
[Result "0-1"]
[WhiteElo "1927"]
[BlackElo "2078"]
[PlyCount "70"]
[EventDate "2024.08.10"]

1. e4 e6 2. d4 d5 3. Nd2 c5 4. Ngf3 cxd4 5. Nxd4 Nc6 6. Bb5 Bd7 7. Nxc6 bxc6 8. Bd3 Bd6 9. Nf3 e5 10. Qe2 Qe7 11. c4 d4 12. O-O Nf6 13. h3 O-O 14. Nh2 a5 15. f4 exf4 16. Bxf4 Bxf4 17. Rxf4 g6 18. e5 Nh5 19. Rxd4 f6 20. exf6 Qc5 21. Nf3 Rxf6 22. Qe5 Qa7 23. c5 Re8 24. Qg5 Bxh3 25. Rf1 Qg7 26. Ra4 Be6 27. Rxa5 Nf4 28. Ra3 Bd5 29. Rc3 Nxd3 30. Rxd3 Qe7 31. b4 Rxf3 32. Qxe7 Rxf1+ 33. Kxf1 Rxe7 34. Rd2 Bc4+ 35. Kf2 Ra7 0-1

[Event "Sparkassen Chess Trophy 2024 A-Open"]
[Site "Dortmund"]
[Date "2024.08.10"]
[Round "1.81"]
[White "Thiel, Thomas"]
[Black "Van Amerongen-Jansen, Peggy"]
[Result "1-0"]
[WhiteElo "2129"]
[BlackElo "1931"]
[PlyCount "59"]
[EventDate "2024.08.10"]

1. e4 c6 2. d4 d5 3. exd5 cxd5 4. c4 Nf6 5. Nc3 Nc6 6. Bg5 dxc4 7. Bxc4 a6 8. d5 Ne5 9. Be2 Qb6 10. Be3 Qa5 11. Qd4 Ned7 12. Nf3 g6 13. O-O Bg7 14. d6 exd6 15. Qxd6 Bf8 16. Qd2 Bg7 17. Bh6 O-O 18. Bxg7 Kxg7 19. Rfe1 Nc5 20. h4 Qb4 21. Nd1 Rb8 22. Nd4 h6 23. a3 Qxa3 24. Nc6 b6 25. Rb1 Qxb2 26. Qxb2 Bb7 27. Qd4 Bxc6 28. Qb2 Ne6 29. Qa3 Rbd8 30. Qc1 {wg. Unleserlichkeit Erfassung abgebrochen} 1-0

[Event "Sparkassen Chess Trophy 2024 A-Open"]
[Site "Dortmund"]
[Date "2024.08.10"]
[Round "1.80"]
[White "Richters, Marc"]
[Black "Reuter, Julian-Frank"]
[Result "0-1"]
[WhiteElo "1931"]
[BlackElo "2091"]
[PlyCount "56"]
[EventDate "2024.08.10"]

1. e4 c5 2. c3 Nf6 3. e5 Nd5 4. d4 cxd4 5. Nf3 d6 6. cxd4 Nc6 7. Bc4 dxe5 8. dxe5 Ndb4 9. Qxd8+ Nxd8 10. Na3 g6 11. O-O Bg7 12. Bg5 Nbc6 13. Rfe1 Bg4 14. Bf4 O-O 15. h3 Bxf3 16. gxf3 Nd4 17. Kg2 N8e6 18. Bd2 Rac8 19. Rac1 Rfd8 20. Ba5 b6 21. Bb4 Nf4+ 22. Kf1 Nxf3 23. Bxe7 Re8 24. Bd6 Nxe1 25. Rxe1 Bf8 26. Ba6 Bxd6 27. Bxc8 Bxa3 28. Re4 Rxc8 0-1

[Event "Sparkassen Chess Trophy 2024 A-Open"]
[Site "Dortmund"]
[Date "2024.08.10"]
[Round "1.79"]
[White "Kiese, Matthias"]
[Black "Zamengo, Bruno"]
[Result "1-0"]
[WhiteElo "2106"]
[BlackElo "1932"]
[PlyCount "73"]
[EventDate "2024.08.10"]

1. d4 Nf6 2. Nf3 g6 3. c4 c6 4. Nc3 Bg7 5. g3 d6 6. Bg2 Nbd7 7. O-O O-O 8. e4 e5 9. h3 Re8 10. Be3 exd4 11. Nxd4 Nc5 12. Qc2 Qc7 13. b4 Ne6 14. Nde2 b5 15. cxb5 Bb7 16. Rac1 Rac8 17. Qb1 Qb8 18. bxc6 Bxc6 19. b5 Bb7 20. Rfd1 Nc5 21. f3 Nfd7 22. Nf4 Ne5 23. Ncd5 Ne6 24. Rxc8 Bxc8 25. Qb4 Bb7 26. a4 h6 27. a5 Kh7 28. h4 Rc8 29. Nxe6 fxe6 30. Nf4 Nc4 31. Bf2 Nb2 32. Rxd6 Rc1+ 33. Kh2 Rc2 34. Bd4 Rc4 35. Rd7 Rxb4 36. Rxg7+ Kh8 37. Nxg6# 1-0

[Event "Sparkassen Chess Trophy 2024 A-Open"]
[Site "Dortmund"]
[Date "2024.08.10"]
[Round "1.78"]
[White "Wezel, Sebastian"]
[Black "Lang, Daniel"]
[Result "1/2-1/2"]
[WhiteElo "1939"]
[BlackElo "2138"]
[PlyCount "56"]
[EventDate "2024.08.10"]

1. e4 c6 2. d4 d5 3. exd5 cxd5 4. c4 Nf6 5. Nc3 Nc6 6. Bg5 Be6 7. a3 g6 8. Bxf6 exf6 9. cxd5 Bxd5 10. Qe2+ Ne7 11. Nxd5 Qxd5 12. Qb5+ Qxb5 13. Bxb5+ Kd8 14. Bc4 Nf5 15. Bxf7 Ke7 16. Ba2 Nxd4 17. O-O-O Rd8 18. Nh3 Bh6+ 19. Kb1 Rhe8 20. Rhe1+ Kf8 21. Rxe8+ Kxe8 22. f4 Rd6 23. Rd3 Kf8 24. g3 Bg7 25. Ng1 Ke7 26. Re3+ Kd7 27. Bg8 h6 28. Ne2 Nxe2 1/2-1/2

[Event "Sparkassen Chess Trophy 2024 A-Open"]
[Site "Dortmund"]
[Date "2024.08.10"]
[Round "1.77"]
[White "Guo, Philipp Ziming"]
[Black "Lang, Nico"]
[Result "1-0"]
[WhiteElo "2146"]
[BlackElo "1939"]
[PlyCount "111"]
[EventDate "2024.08.10"]

1. e4 c5 2. Nf3 e6 3. d4 cxd4 4. Nxd4 a6 5. Bd3 Nf6 6. O-O Qc7 7. Qe2 e5 8. Nb3 Nc6 9. Nc3 d6 10. Bg5 Be6 11. Bxf6 gxf6 12. Nd5 Bxd5 13. exd5 Ne7 14. Qf3 Bg7 15. Nd2 Qd7 16. Nc4 Rb8 17. a4 b5 18. axb5 axb5 19. Ne3 O-O 20. Ra5 Rb7 21. Rfa1 Rfb8 22. Bf5 Qc7 23. Be4 Qd7 24. Ra6 Qc7 25. Ng4 Qc5 26. Nxf6+ Bxf6 27. Qxf6 Qd4 28. Qg5+ Ng6 29. Bxg6 hxg6 30. Rxd6 Qxb2 31. Re1 Qxc2 32. Qxe5 b4 33. h4 b3 34. Rc6 Qd2 35. Rcc1 b2 36. Rb1 Rc8 37. Kf1 Rc1 38. Qe8+ Kh7 39. Qe2 Rxe1+ 40. Qxe1 Qxd5 41. Qc3 Qb5+ 42. Kg1 f6 43. Kh2 Kg7 44. g3 Kf7 45. Qd4 Qb4 46. Qd5+ Kf8 47. Qd8+ Kg7 48. Qd3 f5 49. Qe2 Kf6 50. Qc2 Rb6 51. Qc7 Rd6 52. Rxb2 Qd4 53. Qb8 Kg7 54. Re2 Re6 55. Qb7+ Kh6 56. Rxe6 1-0

[Event "Sparkassen Chess Trophy 2024 A-Open"]
[Site "Dortmund"]
[Date "2024.08.10"]
[Round "1.76"]
[White "Blomer, Moritz"]
[Black "Kummerow, Heiko"]
[Result "0-1"]
[WhiteElo "1939"]
[BlackElo "2117"]
[PlyCount "62"]
[EventDate "2024.08.10"]

1. e4 c5 2. Nf3 d6 3. d3 Nc6 4. g3 g6 5. Bg2 Bg7 6. O-O Nf6 7. c3 O-O 8. Nbd2 e5 9. a3 b5 10. b4 a5 11. c4 bxc4 12. b5 c3 13. Nb1 Nd4 14. Nxc3 a4 15. Nxd4 cxd4 16. Nxa4 Bd7 17. Nb2 Bxb5 18. Bd2 d5 19. Bg5 dxe4 20. Bxe4 Rc8 21. f4 Qd7 22. Bxf6 Bxf6 23. a4 Ba6 24. a5 exf4 25. gxf4 Rfe8 26. Na4 Rxe4 27. Nb6 Qh3 28. dxe4 Qe3+ 29. Rf2 Bh4 30. Nxc8 Qxf2+ 31. Kh1 Be2 0-1

[Event "Sparkassen Chess Trophy 2024 A-Open"]
[Site "Dortmund"]
[Date "2024.08.10"]
[Round "1.75"]
[White "Weigand, Anton"]
[Black "Zhuikov, Edgard"]
[Result "1-0"]
[WhiteElo "2115"]
[BlackElo "1923"]
[PlyCount "85"]
[EventDate "2024.08.10"]

1. e4 e5 2. Nf3 Nc6 3. Bb5 f5 4. d4 fxe4 5. Nxe5 Nxe5 6. dxe5 c6 7. Be2 Qa5+ 8. Nc3 Qxe5 9. Be3 d5 10. Bh5+ Kd8 11. Be2 Bd6 12. Qd2 Nf6 13. O-O-O Kc7 14. f3 Bf5 15. Rhf1 Rhf8 16. g3 b6 17. Bf4 Qe6 18. g4 Bg6 19. g5 Ne8 20. fxe4 Bxe4 21. Rde1 Bxf4 22. Rxf4 Rxf4 23. Qxf4+ Nd6 24. Bd3 Qf7 25. Qxf7+ Nxf7 26. Nxe4 dxe4 27. Rxe4 Kd6 28. Rd4+ Ke5 29. Rd7 Nxg5 30. Rxg7 Kf6 31. Rc7 c5 32. h4 Nf7 33. Bxh7 Rh8 34. Bd3 Rxh4 35. Rxa7 Ne5 36. Ra6 Nxd3+ 37. cxd3 Rb4 38. a3 Rb5 39. a4 Rb4 40. a5 Ra4 41. Rxb6+ Ke5 42. a6 c4 43. dxc4 1-0

[Event "Sparkassen Chess Trophy 2024 A-Open"]
[Site "Dortmund"]
[Date "2024.08.10"]
[Round "1.74"]
[White "Brunetti, Alberto Fakhri"]
[Black "Menzel, Maximilian"]
[Result "1-0"]
[WhiteElo "1942"]
[BlackElo "2164"]
[PlyCount "79"]
[EventDate "2024.08.10"]

1. d4 Nf6 2. c4 e6 3. Nf3 b6 4. a3 Bb7 5. Nc3 d5 6. cxd5 Nxd5 7. Qc2 Be7 8. e4 Nxc3 9. bxc3 O-O 10. Bd3 c5 11. O-O Qc7 12. Qe2 Nd7 13. Rd1 Rfe8 14. a4 Rac8 15. e5 h6 16. h4 Nf8 17. h5 cxd4 18. cxd4 Bd5 19. Nh2 Bc4 20. Qg4 Kh8 21. Be3 Bxd3 22. Rxd3 Qc2 23. Rd2 Qc4 24. Qf3 Bb4 25. Rdd1 Qc7 26. Bxh6 gxh6 27. Qf6+ Kh7 28. Ng4 Ng6 29. hxg6+ fxg6 30. Qh4 Qg7 31. Nf6+ Kh8 32. Nxe8 Rxe8 33. Rac1 Rf8 34. Qg4 Qf7 35. f3 h5 36. Qe4 Kh7 37. Rc4 a5 38. Rc2 Qe8 39. Rc7+ Rf7 40. Qb7 1-0

[Event "Sparkassen Chess Trophy 2024 A-Open"]
[Site "Dortmund"]
[Date "2024.08.10"]
[Round "1.73"]
[White "Gerlach, Felix"]
[Black "Klueting, Reiner"]
[Result "1/2-1/2"]
[WhiteElo "2161"]
[BlackElo "1948"]
[PlyCount "93"]
[EventDate "2024.08.10"]

1. c4 e5 2. g3 g6 3. Bg2 Bg7 4. Nc3 Ne7 5. e3 O-O 6. Nge2 c6 7. d4 d5 8. cxd5 exd4 9. Nxd4 Nxd5 10. Nxd5 cxd5 11. O-O Nc6 12. Nxc6 bxc6 13. Qc2 Ba6 14. Rd1 Qb6 15. Rb1 Rac8 16. b3 d4 17. exd4 Bxd4 18. Bb2 c5 19. Bf3 Qf6 20. Kg2 Rfe8 21. Rd2 h5 22. h4 Qb6 23. Rbd1 Rcd8 24. Bc3 Bb7 25. Bxb7 Qxb7+ 26. Kh2 Qb6 27. Qb2 Bxc3 28. Qxc3 Rxd2 29. Rxd2 Qc6 30. Rc2 Rc8 31. Qe3 Qa6 32. a4 Qb6 33. Rc4 a5 34. Qc3 Rc6 35. Re4 Rc8 36. Qe3 Qc6 37. Re8+ Kg7 38. Qc3+ Qf6 39. f4 Rc6 40. Qxa5 c4 41. bxc4 Rxc4 42. Re2 Qa1 43. Qd5 Rxa4 44. f5 gxf5 45. Qxf5 Ra5 46. Qf3 Qf6 47. Qxf6+ 1/2-1/2

[Event "Sparkassen Chess Trophy 2024 A-Open"]
[Site "Dortmund"]
[Date "2024.08.10"]
[Round "1.72"]
[White "Padilla Garcia, Cecilia Xasive"]
[Black "Schwibbert, Jonas"]
[Result "1/2-1/2"]
[WhiteElo "1950"]
[BlackElo "2147"]
[PlyCount "132"]
[EventDate "2024.08.10"]

1. e4 c5 2. Nf3 Nc6 3. d4 cxd4 4. Nxd4 e5 5. Nb5 d6 6. c4 Be6 7. N5c3 Nf6 8. Bg5 Be7 9. Bxf6 Bxf6 10. Nd5 O-O 11. Bd3 Bxd5 12. cxd5 Nd4 13. O-O Qb6 14. b3 Bg5 15. Nd2 Rac8 16. Nf3 Bh6 17. Nxd4 Qxd4 18. Qe2 Rc7 19. Rad1 Qb6 20. g3 g6 21. Kh1 Re8 22. Qg4 Qa5 23. Bb1 Qc3 24. Qe2 Rec8 25. Bd3 Qa5 26. Bb1 Qa3 27. Kg2 Rc5 28. Rfe1 b5 29. Rd3 a6 30. Rf1 Qa4 31. Qe1 Qa3 32. Qe2 Qa5 33. Qe1 Qc7 34. Qe2 Rf8 35. Qg4 Bg7 36. Qe2 f5 37. f3 Rc1 38. Rxc1 Qxc1 39. Rd1 Qc7 40. Qc2 fxe4 41. fxe4 Qa7 42. Rf1 Qc5 43. Rxf8+ Kxf8 44. Qxc5 dxc5 45. Bd3 Ke8 46. a4 c4 47. bxc4 bxa4 48. c5 a3 49. Bc4 Bf8 50. c6 Kd8 51. Kf3 Kc7 52. Ke2 Kb6 53. Kd3 Bd6 54. Kc3 Kc5 55. Ba2 a5 56. Bb3 Bc7 57. Bc4 a4 58. Ba2 g5 59. g4 Bd6 60. h3 h6 61. Bc4 Bc7 62. Ba2 Bb6 63. Bc4 Ba5+ 64. Kd3 Bc7 65. Kc3 Ba5+ 66. Kd3 Bc7 1/2-1/2

[Event "Sparkassen Chess Trophy 2024 A-Open"]
[Site "Dortmund"]
[Date "2024.08.10"]
[Round "1.71"]
[White "Gluma, Christian"]
[Black "Lin, Yi"]
[Result "1/2-1/2"]
[WhiteElo "2091"]
[BlackElo "1950"]
[PlyCount "74"]
[EventDate "2024.08.10"]

1. e4 d6 2. d4 Nf6 3. Nc3 Nbd7 4. Nf3 e5 5. Bc4 Be7 6. a4 c6 7. O-O O-O 8. Qe2 exd4 9. Nxd4 Ne5 10. Bb3 c5 11. Ndb5 a6 12. Na3 Bg4 13. f3 Bd7 14. Be3 Rb8 15. Rfd1 Qc7 16. Nc4 b5 17. axb5 axb5 18. Nxe5 dxe5 19. Nd5 Nxd5 20. Bxd5 Bc6 21. Bxc6 Qxc6 22. Rd5 f6 23. Rad1 Rbd8 24. Kf2 Rxd5 25. exd5 Qd6 26. Qxb5 Rb8 27. Qc4 Rxb2 28. Ra1 Rb4 29. Ra8+ Kf7 30. Qa2 c4 31. Ra5 Kg6 32. Bc5 Qxd5 33. Bxe7 Qd4+ 34. Kg3 Qf4+ 35. Kf2 Qd2+ 36. Kg3 Qf4+ 37. Kf2 Qd2+ 1/2-1/2

[Event "Sparkassen Chess Trophy 2024 A-Open"]
[Site "Dortmund"]
[Date "2024.08.10"]
[Round "1.70"]
[White "Riechenberg, Sebastian"]
[Black "Michalke, Guenter"]
[Result "1/2-1/2"]
[WhiteElo "1951"]
[BlackElo "2174"]
[PlyCount "73"]
[EventDate "2024.08.10"]

1. Nf3 d5 2. g3 c5 3. Bg2 Nc6 4. d4 cxd4 5. Nxd4 e5 6. Nxc6 bxc6 7. c4 Be6 8. O-O Qd7 9. Qa4 Bc5 10. Nc3 Ne7 11. Rd1 Rd8 12. Bg5 f6 13. Bxf6 Bxf2+ 14. Kxf2 O-O 15. cxd5 cxd5 16. Qxd7 Rxd7 17. Kg1 gxf6 18. Rac1 d4 19. Ne4 Bxa2 20. e3 Nd5 21. Nc5 Rc7 22. Bxd5+ Bxd5 23. exd4 Bf3 24. Rf1 e4 25. Kf2 Rb8 26. b3 Rb4 27. Ke3 f5 28. Rf2 Kf7 29. Ra2 Ke7 30. Rca1 h5 31. Rxa7 Rxa7 32. Rxa7+ Kd6 33. Rf7 Bg4 34. Ra7 Kc6 35. Rf7 Kd6 36. Rf6+ Kd5 37. Rf8 1/2-1/2